[Event "Naumburg Osteropen 9th"]
[Site "Naumburg Saale"]
[Date "2014.04.20"]
[Round "4.15"]
[White "Jenusch, Robert"]
[Black "Friedrich, Stefan"]
[Result "1-0"]
[WhiteElo "1976"]
[BlackElo "1608"]
[PlyCount "59"]
[EventDate "2014.04.19"]
[EventType "swiss"]
[EventRounds "5"]
[EventCountry "GER"]
[SourceTitle "EXT 2020"]
[Source "ChessBase"]
[SourceDate "2019.10.17"]
[SourceVersion "1"]
[SourceVersionDate "2019.10.17"]
[SourceQuality "1"]

1. d4 Nf6 2. Nf3 g6 3. e3 Bg7 4. Bd3 0-0 5. 0-0 d6 6. Nbd2 Nbd7 7. c3 c6 8. Qc2 Ng4 9. h3 Nh6 10. e4 f5 11. Ng5 Nf6 12. e5 Nd5 13. exd6 e5 14. dxe5 Bxe5 15. Nc4 Bf6 16. Nf3 Nf7 17. a4 Nxd6 18. Nxd6 Qxd6 19. Bc4 Kg7 20. Rd1 f4 21. Bxd5 cxd5 22. Qd2 Be6 23. Nd4 Rae8 24. Qxf4 Qd7 25. Qh6+ Kg8 26. Nxe6 Rxe6 27. Be3 Bg7 28. Qh4 Re4 29. Qxe4 dxe4 30. Rxd7 1-0

[Event "Naumburg Osteropen 9th"]
[Site "Naumburg Saale"]
[Date "2014.04.20"]
[Round "3.15"]
[White "Treiber, Marco"]
[Black "Friedrich, Stefan"]
[Result "1-0"]
[WhiteElo "1921"]
[BlackElo "1608"]
[PlyCount "77"]
[EventDate "2014.04.19"]
[EventType "swiss"]
[EventRounds "5"]
[EventCountry "GER"]
[SourceTitle "EXT 2020"]
[Source "ChessBase"]
[SourceDate "2019.10.17"]
[SourceVersion "1"]
[SourceVersionDate "2019.10.17"]
[SourceQuality "1"]

1. d4 Nf6 2. c4 g6 3. Nf3 Bg7 4. g3 b6 5. Bg2 Bb7 6. 0-0 0-0 7. Re1 d6 8. Nc3 c5 9. d5 Nbd7 10. Nd2 a6 11. a4 Ne8 12. Qc2 Nc7 13. f4 b5 14. e4 f5 15. e5 dxe5 16. d6 Bxg2 17. dxc7 Qxc7 18. Kxg2 Qb7+ 19. Kh3 e4 20. Nd5 e6 21. Ne3 h6 22. Rb1 b4 23. Nb3 Qc7 24. Ng2 Nb6 25. a5 Nd7 26. Be3 Rf7 27. Qf2 Bf8 28. Re2 Ne5 29. fxe5 g5 30. Nf4 gxf4 31. gxf4 Rd8 32. Rd2 Rdd7 33. Rbd1 Kh7 34. Nxc5 Bxc5 35. Bxc5 Rxd2 36. Rxd2 Rg7 37. Rd6 Qf7 38. Rxa6 Rg4 39. Ra7 1-0